Szczegóły MARC21

Megatrendy i ich wpływ na rozwój sektorów infrastrukturalnych /

003 -Nazwa inst., której nr kontr. jest w polu 001 [,]
    • @
    • Nazwa instytucji, której n kontrolny jest w polu 001
    • NUKAT
005 -DATA I CZAS OSTATNIEJ MODYFIKACJI [,]
    • @
    • pole kontrolne
    • 20241231105214.0
020 -Międzynarod. znormalizowany nr książki - ISBN [ , ]
    • a
    • Numer ISBN
    • 9788388835261 Find
040 -Instytucja sporządzająca opis [ , ]
    • a
    • Instytucja, która sporządziła opis (NP)
    • POZN 004/KM
    • c
    • Instytucja, która sporządziła rekord (NP)
    • POZN 004/KMs
    • d
    • Instytucja, która zmodyfikowała rekord (P)
    • POZN 004/MKA
    • d
    • Instytucja, która zmodyfikowała rekord (P)
    • POZN 004/KM
    • d
    • Instytucja, która zmodyfikowała rekord (P)
    • WA 72/OMW
942 -Rodzaj dokumentu [ , ]
    • c
    • Rodzaj dokumentu
    • Książka
245 -Strefa tytułu i oznaczenia odpowiedzialności [0,0]
    • a
    • Tytuł
    • Megatrendy i ich wpływ na rozwój sektorów infrastrukturalnych / Find
    • c
    • Pozostałe elementy strefy tytułu i oznaczenia odpowiedzialności (NP)
    • pod redakcją naukową Jerzego Gajewskiego, Wojciecha Paprockiego i Jany Pieriegud ; [recenzent Tomasz Kuszewski ; Instytut Badań nad Gospodarką Bankową ; Gdańska Akademia Bankowa].
260 -Strefa adresu wydawniczego [ , ]
    • a
    • Miejsce wydania (P)
    • Gdańsk :
    • b
    • Nazwa wydawcy (P)
    • Instytut Badań nad Gospodarką Bankową :
    • b
    • Nazwa wydawcy (P)
    • Gdańska Akademia Bankowa,
    • c
    • Data wydania (P)
    • 2015.
300 -Strefa opisu fizycznego [ , ]
    • a
    • Określenie formy książki i/lub objętość (NP)
    • 236 s. :
    • b
    • Oznaczenie ilustracji (NP)
    • il. ;
    • c
    • Format (NP)
    • 25 cm.
336 -Typ zawartości [ , ]
    • a
    • Termin opisujący typ zawartości
    • Tekst
    • b
    • Kod określający zawartość
    • txt
    • 2
    • Źródło (terminu i kodu)
    • rdacontent
337 -Typ mediów [ , ]
    • a
    • Tryb odtwarzania
    • Bez urządzenia pośredniczącego
    • b
    • Kod typu mediów
    • n
    • 2
    • Źródło (terminu i kodu)
    • rdamedia
338 -Typ/rodzaj nośnika [ , ]
    • a
    • Hasło opisujące typ nośnika
    • Wolumin
    • b
    • Kod typu nośnika
    • nc
    • 2
    • Źródło (terminu i kodu)
    • rdacarrier
500 -Uwaga ogólna [ , ]
    • a
    • Uwaga ogólna (NP)
    • Publikacja Europejskiego Kongresu Finansowego, Sopot, 22-24.06.2015.
650 -Hasło przedmiotowe [ ,7]
    • a
    • Hasło przedmiotowe
    • Rozwój gospodarczy
    • x
    • Określnik rzeczowy
    • prognozy
    • y
    • Określnik chronologiczny
    • 1990-.
    • 2
    • Źródło terminu
    • kaba
    • 9
    • KHW
    • 368274
650 -Hasło przedmiotowe [ ,7]
    • a
    • Hasło przedmiotowe
    • Innowacje
    • y
    • Określnik chronologiczny
    • 1990-.
    • 2
    • Źródło terminu
    • kaba
    • 9
    • KHW
    • 363058
700 -Hasło dodatkowe - nazwa osobowa [1, ]
    • a
    • Nazwa osobowa (NP)
    • Gajewski, Jerzy Marian Find
    • d
    • Daty biograficzne (NP)
    • (1950- ).
    • e
    • Określenie rodzaju współpracy
    • Red.
    • 9
    • KHW
    • 94862
700 -Hasło dodatkowe - nazwa osobowa [1, ]
    • a
    • Nazwa osobowa (NP)
    • Paprocki, Wojciech Find
    • d
    • Daty biograficzne (NP)
    • (1956- ).
    • e
    • Określenie rodzaju współpracy
    • Red.
    • 9
    • KHW
    • 94861
700 -Hasło dodatkowe - nazwa osobowa [1, ]
    • a
    • Nazwa osobowa (NP)
    • Pieriegud, Jana. Find
    • e
    • Określenie rodzaju współpracy
    • Red.
    • 9
    • KHW
    • 91748
700 -Hasło dodatkowe - nazwa osobowa [1, ]
    • a
    • Nazwa osobowa (NP)
    • Kuszewski, Tomasz. Find
    • e
    • Określenie rodzaju współpracy
    • Rec.
    • 9
    • KHW
    • 1688
710 -Hasło dodatkowe - nazwa ciała zbiorowego [2, ]
    • a
    • Nazwa ciała zbiorowego lub nazwa geograficzna jako pierwszy element (NP)
    • Instytut Badań nad Gospodarką Rynkową (Gdańsk).
    • 9
    • KHW
    • 94440
710 -Hasło dodatkowe - nazwa ciała zbiorowego [2, ]
    • a
    • Nazwa ciała zbiorowego lub nazwa geograficzna jako pierwszy element (NP)
    • Gdańska Akademia Bankowa.
    • 9
    • KHW
    • 78437
920 -ISBN [ , ]
    • a
    • ISBN
    • 978-83-88835-26-1 Find
Numer inwentarzowy Status udost. Data inwentaryzacji Lokalizacja
E.76265-22016-01-20BE
T.21185-22021-05-11T